Advanced nursing research : (Record no. 20236)
[ view plain ]
| 000 -LEADER | |
|---|---|
| fixed length control field | 01621cam a22002415a 4500 |
| 001 - CONTROL NUMBER | |
| control field | 16198081 |
| 005 - DATE AND TIME OF LATEST TRANSACTION | |
| control field | 20160120140405.0 |
| 008 - FIXED-LENGTH DATA ELEMENTS--GENERAL INFORMATION | |
| fixed length control field | 100420t2011 maua frbb 001 0 eng d |
| 020 ## - INTERNATIONAL STANDARD BOOK NUMBER | |
| International Standard Book Number | 9780763765682 |
| 040 ## - CATALOGING SOURCE | |
| Original cataloging agency | DNLM/DLC |
| Language of cataloging | eng |
| Transcribing agency | DLC |
| Modifying agency | NLM |
| -- | YDXCP |
| -- | C#P |
| -- | BWX |
| -- | CDX |
| -- | DLC |
| -- | EG-ScBUE |
| -- | EG-ScBUE |
| 082 04 - DEWEY DECIMAL CLASSIFICATION NUMBER | |
| Classification number | 610.73072 |
| Item number | TAP |
| Edition number | 22 |
| 100 1# - MAIN ENTRY--PERSONAL NAME | |
| Personal name | Tappen, Ruth M. |
| 9 (RLIN) | 39118 |
| 245 10 - TITLE STATEMENT | |
| Title | Advanced nursing research : |
| Remainder of title | from theory to practice / |
| Statement of responsibility, etc | Ruth M. Tappen. |
| 260 ## - PUBLICATION, DISTRIBUTION, ETC. (IMPRINT) | |
| Place of publication, distribution, etc | Sudbury : |
| Name of publisher, distributor, etc | Jones & Bartlett Learning, |
| Date of publication, distribution, etc | c.2011. |
| 300 ## - PHYSICAL DESCRIPTION | |
| Extent | xvi, 504 p. : |
| Other physical details | ill. ; |
| Dimensions | 24 cm. |
| 500 ## - GENERAL NOTE | |
| General note | Index : p. 483-504. |
| 504 ## - BIBLIOGRAPHY, ETC. NOTE | |
| Bibliography, etc | Includes bibliographical references.<br/> |
| 505 0# - FORMATTED CONTENTS NOTE | |
| Formatted contents note | Identifying a research topic -- Reviewing the literature -- Theory -- Quantitative or qualitative research? -- Experimental research designs -- Descriptive research designs, mixed methods, and meta-analysis -- Epidemiology and longitudinal designs -- Sampling -- Reliability -- Validity -- Trustworthiness of qualitative research -- Research ethics -- Participant recruitment -- Data collection : testing and observation -- Data collection : interviewing -- Internet, secondary analysis, and historical research -- Intervention -- Quantitative data management -- Basic quantitative data analysis -- Inferential analysis -- Analyzing qualitative data -- Presenting your research findings -- Publishing your research results -- Preparing research proposals -- Evidence-based practice -- Developing a program of research. |
| 650 #7 - SUBJECT ADDED ENTRY--TOPICAL TERM | |
| Topical term or geographic name as entry element | Nursing |
| General subdivision | Research |
| -- | Methodology. |
| Source of heading or term | BUEsh |
| 9 (RLIN) | 36305 |
| 651 ## - SUBJECT ADDED ENTRY--GEOGRAPHIC NAME | |
| Source of heading or term | BUEsh |
| 653 ## - INDEX TERM--UNCONTROLLED | |
| Resource For college | Nursing |
| Arrived date list | July2015 |
| -- | January2016 |
| 942 ## - ADDED ENTRY ELEMENTS (KOHA) | |
| Source of classification or shelving scheme | Dewey Decimal Classification |
| Withdrawn status | Lost status | Source of classification or shelving scheme | Damaged status | Not for loan | Koha collection | Home library | Current library | Shelving location | Date acquired | Source of acquisition | Cost, normal purchase price | Serial Enumeration / chronology | Total Checkouts | Total Renewals | Full call number | Barcode | Date last seen | Date last borrowed | Cost, replacement price | Koha item type |
|---|---|---|---|---|---|---|---|---|---|---|---|---|---|---|---|---|---|---|---|---|
| Dewey Decimal Classification | Baccah | Central Library | Central Library | First floor | 06/07/2015 | Purchase | 351.00 | 22353 | 20 | 132 | 610.73072 TAP | 000039447 | 15/07/2025 | 05/05/2025 | 439.00 | Book - Borrowing |